[Event "48th Bosna Tournament 2018"]
[Site "Sarajevo"]
[Date "2018.05.10"]
[Round "8"]
[White "Ivic, Velimir"]
[Black "Can, Emre"]
[Result "0-1"]
[WhiteElo "2405"]
[BlackElo "2596"]
[Annotator "TA"]
[PlyCount "70"]
[EventDate "2018.??.??"]
[EventType "swiss"]
[EventCountry "BIH"]
[SourceTitle "playchess.com"]
[Source "ChessBase"]
[SourceQuality "1"]

{[%evp 18,70,31,34,40,0,5,8,5,1,7,6,6,6,7,12,10,0,2,-38,-34,-29,-16,-52,-52,-75,-80,-91,-78,-140,-81,-142,-136,-132,-134,-127,-98,-208,-205,-175,-150,-291,-284,-291,-285,-343,-345,-333,-329,-350,-342,-327,-333,-315,-309]} 1. e4 c5 2. Nf3 d6 3. d4 cxd4 4. Nxd4 Nf6 5. Nc3 a6 6. h4 {B90: Sicilian Najdorf: Unusual White 6th moves, 6 Be3 Ng4 and 6 Be3 e5} (6. f3 e5 7. Nb3 Be6 8. Be3 Be7 9. Qd2 Nbd7 10. g4 O-O 11. g5 Nh5 12. O-O-O b5 13. Nd5 Bxd5 14. exd5 f6 15. gxf6 Bxf6 16. Kb1 Nf4 17. Rg1 Kh8 18. Bd3 Bg5 19. Na5 Bh6 20. Nc6 Qh4 21. Qb4 {½-½ (49) Caruana,F (2784)-Mamedyarov,S (2809) Berlin 2018}) 6... Nc6 7. Be3 Ng4 8. Nxc6 bxc6 9. Bd2 h5 10. f3 {LiveBook: 3 Games} Ne5 11. Be3 Rb8 12. b3 Qa5 $146 ({Predecessor:} 12... g6 13. Bd4 Bg7 {½-½ (40) Dastan,B (2529)-Smirin,I (2634) Riga 2017}) 13. Qd2 g6 14. Na4 Qxd2+ 15. Bxd2 Bg7 16. O-O-O O-O 17. Be2 c5 18. f4 Ng4 $36 {[%mdl 2048] Strongly threatening ...Nf2. Black has the initiative.} 19. Rhf1 Bd7 {aiming for ...Bxa4.} 20. Bxg4 hxg4 21. Nc3 f5 {[%cal Bf7f5,Bf5e4,Be4e3][%mdl 32]} 22. Rde1 Bc6 23. Nd5 ({White should play} 23. h5) 23... Rf7 (23... Kf7 $142 24. g3 Rb7) 24. c4 (24. h5 $142 gxh5 25. Rh1) 24... e6 $17 25. Nc3 Bxc3 26. Bxc3 fxe4 27. g3 (27. Kb2 $17) 27... d5 $19 28. Be5 Rd8 29. cxd5 (29. Kc2 $17) 29... exd5 {Black has a decisive advantage.} 30. Rf2 d4 31. Rc2 {[#]} e3 $1 {White must now prevent ...d3.} 32. Rxc5 Bf3 {Hoping for ...d3.} 33. Bxd4 Rxd4 34. Rxe3 Rd1+ 35. Kb2 Rg1 {Precision: White = 30%, Black = 94%.} 0-1

[Event "48th Bosna Tournament 2018"]
[Site "Sarajevo"]
[Date "2018.05.11"]
[Round "9"]
[White "Yilmaz, Mustafa"]
[Black "Predke, Alexandr"]
[Result "1/2-1/2"]
[WhiteElo "2621"]
[BlackElo "2603"]
[Annotator "TA"]
[PlyCount "32"]
[EventDate "2018.??.??"]
[EventType "swiss"]
[EventCountry "BIH"]
[SourceTitle "playchess.com"]
[Source "ChessBase"]
[SourceQuality "1"]

{[%evp 18,19,21,0]} 1. d4 Nf6 2. c4 e6 3. Nf3 b6 4. g3 Bb7 5. Bg2 Bb4+ 6. Bd2 Be7 7. Nc3 c6 8. O-O O-O 9. Qb3 {E16: Queen's Indian: 4 g3 Bb7 5 Bg2 Bb4+} d5 10. Rfd1 {LiveBook: 8 Games} {Predecessor:} Nbd7 $146 11. Rac1 Rc8 12. Ne1 dxc4 13. Qxc4 b5 14. Qb3 Qb6 15. Bg5 h6 16. Bxf6 Nxf6 {1-0 (38) Ding,L (2766)-Eljanov,P (2760) Wijk aan Zee 2016} 1/2-1/2

[Event "48th Bosna Tournament 2018"]
[Site "Sarajevo"]
[Date "2018.05.11"]
[Round "9"]
[White "Kozul, Zdenko"]
[Black "Diermair, Andreas"]
[Result "1-0"]
[WhiteElo "2597"]
[BlackElo "2504"]
[Annotator "TA"]
[PlyCount "65"]
[EventDate "2018.??.??"]
[EventType "swiss"]
[EventCountry "BIH"]
[SourceTitle "playchess.com"]
[Source "ChessBase"]
[SourceQuality "1"]

{[%evp 14,65,28,0,15,20,35,25,31,31,35,35,42,36,56,43,53,50,60,47,29,41,94,75,133,127,139,106,134,115,139,139,179,184,232,224,276,193,422,164,422,375,434,454,445,426,1171,1176,1137,1153,1526,1589,2920,1559]} 1. d4 Nf6 2. c4 e6 3. Nf3 d5 4. Bg5 h6 5. Bxf6 Qxf6 6. Nbd2 {D30: Queen's Gambit Declined: Systems without Nc3} Nd7 7. Rc1 c6 8. g3 {LiveBook: 7 Games. White has an edge.} g5 {Threatening ...g4.} 9. e3 $146 ({Predecessor:} 9. h3 Bg7 10. Bg2 O-O 11. O-O Qe7 12. g4 f5 13. gxf5 exf5 14. cxd5 cxd5 15. Qb3 {½-½ (15) Jakovenko,D (2736)-Gelfand,B (2758) Khanty-Mansiysk 2009}) 9... g4 10. Nh4 h5 11. h3 {[%cal Bh2h3,Bh3h4][%mdl 32]} Qg5 12. Ng2 Rh6 13. h4 Qf6 14. Bd3 dxc4 15. Bxc4 Nb6 16. Bb3 e5 17. O-O Bf5 (17... Be6 $14) 18. e4 $36 {[%mdl 2048] Hoping for dxe5. White is in control.} Be6 {[#]} (18... Bd7 $142) 19. d5 $1 {[%cal Rd5e6][%mdl 512]} Bd7 (19... cxd5 20. exd5) 20. Ne3 Rg6 21. Qe2 Bh6 22. Rcd1 Rd8 23. Ndc4 Bf8 24. dxc6 bxc6 25. Nf5 Nc8 $2 (25... Nxc4 {was called for.} 26. Qxc4 Bxf5) 26. Qd2 $2 (26. Qe1) 26... Bc5 $2 (26... Bxf5 27. Qxd8+ Qxd8 28. Rxd8+ Kxd8) 27. Qa5 $18 Bd4 28. Nxd4 {White is clearly winning.} exd4 29. e5 Qf3 (29... Qe7 $142 30. Rxd4 Be6) 30. Rxd4 c5 31. Rf4 Qc6 32. Rd1 Qa6 33. Qxc5 {Precision: White = 67%, Black = 27%.} 1-0

[Event "48th Bosna Tournament 2018"]
[Site "Sarajevo"]
[Date "2018.05.11"]
[Round "9"]
[White "Can, Emre"]
[Black "Brkic, Ante"]
[Result "1-0"]
[WhiteElo "2596"]
[BlackElo "2598"]
[Annotator "TA"]
[PlyCount "117"]
[EventDate "2018.??.??"]
[EventType "swiss"]
[EventCountry "BIH"]
[SourceTitle "playchess.com"]
[Source "ChessBase"]
[SourceQuality "1"]

{[%evp 32,117,24,31,118,122,154,156,285,312,265,290,307,117,99,126,220,215,212,62,93,0,193,0,98,81,111,94,106,105,125,120,286,277,284,270,359,375,354,339,389,194,202,192,163,192,530,47,47,47,47,57,62,43,62,62,62,60,78,43,60,47,47,60,51,54,80,82,1473,1421,1109,916,12835,12836,12834,12835,12830,1915,2061,1582,12841,12841,12845,12842,12841,12843,12843,12843]} 1. d4 Nf6 2. c4 e6 3. Nf3 d5 4. g3 Bb4+ 5. Bd2 Be7 6. Bg2 c6 7. Qc2 Nbd7 8. O-O b6 9. Nc3 Bb7 10. b3 O-O 11. Rfd1 Rc8 12. e4 c5 13. exd5 exd5 14. Bf4 Re8 15. dxc5 dxc4 16. b4 {[%cal Bb3b4,Bb4b5][%mdl 32]} bxc5 17. b5 {LiveBook: 4 Games} Qa5 {E08: Closed Catalan: Main Line: 7 Qc2} ({Black should try} 17... Qb6 $14) (17... Qb6 18. a4 a5 19. Qf5 g6 20. Qh3 Qe6 21. Qxe6 fxe6 22. Ne5 Bxg2 23. Kxg2 Nb6 24. Nc6 Nfd5 25. Be5 {1-0 (45) Chuchelov,V (2538)-Rustemov,A (2537) Germany 2012}) 18. a4 $1 $16 Ba8 $146 ({Predecessor:} 18... Rcd8 19. Nd2 Bxg2 20. Nxc4 Qb4 21. Na2 Be4 22. Nxb4 Bxc2 23. Nxc2 Nf8 24. Rxd8 Rxd8 25. Ne5 {1-0 (45) Jarvenpaa,J (2293)-Seresin,F (2216) Stockholm 2018}) 19. Nd2 $1 Nb6 (19... Bxg2 $16 20. Nxc4 Qb4) 20. Bxa8 $1 $18 Rxa8 21. Bc7 $1 Bd8 {[#]} 22. Bxb6 $2 (22. Nxc4 $1 $18 {[%mdl 512] is the precise move to win.} Qb4 (22... Nxc4 23. Bxa5) 23. Nxb6 axb6 24. Bxd8 Rexd8 25. Rxd8+ Rxd8 26. a5 $1 {[%mdl 512]}) 22... axb6 $16 23. Nxc4 Qb4 (23... Qa7 $16) 24. Ne2 $18 Re4 25. Nd6 ({White must play} 25. Rdc1 $1 $18) 25... Re7 $14 26. Nc4 (26. Nf4 $16) 26... Re4 $1 $18 27. Nd6 (27. Rdc1 $1 $18) 27... Re7 $16 28. h3 c4 29. Nf5 Rc7 30. Ned4 g6 31. Ne3 {aiming for Nc6.} Qf8 $2 (31... Be7 $16 {was necessary.}) 32. Nc6 $18 ({Less strong is} 32. Nxc4 Rc5 $16) 32... Be7 33. Qxc4 ({But not} 33. Nxc4 $6 Bc5 $16) 33... Bc5 34. Qf4 Ne8 35. Nd5 Rd7 36. Nf6+ (36. Rac1 $142) 36... Nxf6 37. Qxf6 Rxd1+ 38. Rxd1 Qe8 $2 {[#]} (38... Re8 39. Qf3 Qg7) 39. Rd8 $2 ({White has to play} 39. a5 $1 $18 {[%mdl 512]}) 39... Rxd8 $14 40. Qxd8 Qxd8 41. Nxd8 {[%mdl 4096] Endgame KB-KN} Kf8 42. Nc6 Ke8 43. Kf1 Kd7 44. Ke2 Kd6 45. f3 f5 46. Kd3 Bf2 47. g4 fxg4 48. fxg4 Kc5 49. Ke4 Kc4 $2 {[%mdl 8192]} (49... Kd6 $16) 50. Ne5+ $18 {White is clearly winning.} Kb3 {[#]} 51. Kd5 $1 {[%cal Rd5c6]} Kxa4 {[#]} 52. Kc6 $1 Kb3 53. Nd7 Kc4 54. Nxb6+ Kd3 55. Nd7 Ba7 56. g5 Ke4 57. Nf6+ Kf4 58. Nxh7 Kg3 59. Kc7 {Precision: White = 59%, Black = 23%.} 1-0

[Event "48th Bosna Tournament 2018"]
[Site "Sarajevo"]
[Date "2018.05.11"]
[Round "9"]
[White "Djukic, Nikola"]
[Black "Bistric, Faruk"]
[Result "1-0"]
[WhiteElo "2556"]
[BlackElo "2346"]
[Annotator "TA"]
[PlyCount "111"]
[EventDate "2018.??.??"]
[EventType "swiss"]
[EventCountry "BIH"]
[SourceTitle "playchess.com"]
[Source "ChessBase"]
[SourceQuality "1"]

{[%evp 18,111,33,13,31,16,30,22,50,47,91,87,68,85,102,44,52,63,61,51,138,139,170,177,262,255,251,256,271,237,292,277,277,153,149,145,137,143,136,129,150,145,132,122,130,0,118,106,185,188,351,364,362,360,355,341,375,369,377,369,372,363,373,351,372,367,348,341,630,622,758,748,763,775,765,730,652,658,646,645,750,736,659,666,794,608,637,539,779,609,1554,1471,7028,6087,5097,950]} 1. e4 Nf6 2. e5 Nd5 3. d4 d6 4. Nf3 Bg4 5. Be2 c6 6. O-O Bxf3 7. Bxf3 dxe5 8. dxe5 e6 9. Qe2 Nd7 10. g3 {LiveBook: 4 Games. B05: Alekhine's Defence: 4 Nf3 Bg4} (10. Bd2 Qc7 11. Re1 a5 12. a4 Bb4 13. c3 Bc5 14. Na3 O-O 15. Nc2 Rab8 16. b4 axb4 17. cxb4 Ba7 18. Bxd5 exd5 {½-½ (26) Acs,P (2586)-Appel,R (2525) Germany 2012}) 10... Bc5 $146 ({Predecessor:} 10... Qc7 11. Re1 Bc5 12. c3 a5 13. b3 O-O 14. Bb2 b5 15. c4 bxc4 16. bxc4 Ne7 17. Nc3 Nf5 {1-0 (40) Simonovic,A (2360)-Sarenac,I (2425) Ruma 2017}) 11. Nd2 O-O 12. Bg2 {White has an edge.} a5 13. Ne4 Bd4 14. c4 Ne7 15. Rd1 c5 16. Be3 ({White should try} 16. Nd6 $16) 16... Bxe3 $14 17. Qxe3 Nf5 18. Qa3 $36 {[%mdl 2048] White has the initiative.} b6 {[#]} (18... Qc7 $14) 19. Nxc5 $1 $16 {[%mdl 512]} bxc5 20. Bxa8 Qc7 (20... Qxa8 $142 21. Rxd7 Nd4) 21. Be4 $18 Nd4 22. f4 f6 23. Qd3 fxe5 24. Bxh7+ Kh8 25. Be4 (25. Rf1 $18) 25... exf4 $16 26. gxf4 Rxf4 {Black wants to play ...Rh4.} 27. Qh3+ Kg8 28. Qh7+ Kf8 29. Qh8+ Kf7 30. Qh5+ Kg8 31. Qh7+ Kf8 32. Kh1 ({But not} 32. Qh8+ Kf7 $18) 32... Nf6 (32... Qe5 $16 33. Bc6 Nf6 34. Qh8+ Kf7) 33. Qh8+ $18 Kf7 $2 (33... Ng8) 34. Rg1 {[%csl Gh8][%cal Rg1g7] [#]} Nf5 35. Bxf5 $1 {[%csl Gh8][%cal Rg1g7]} Qc6+ 36. Rg2 exf5 37. Qxg7+ Ke6 38. Re1+ Re4 {[%cal Re4e1]} 39. Qg3 f4 40. Qh3+ Kf7 {[%cal Re4e1]} 41. Rf1 Rxc4 42. Qf5 Qd5 $2 (42... Qe4 43. Qxe4 Rxe4) 43. Qg6+ {White is clearly winning.} Ke7 44. Re1+ Re4 45. Rxe4+ Nxe4 {[%mdl 4096] Endgame KQR-KQN} 46. Qg7+ Kd6 47. Qh6+ Ke5 {( -> ...Qd1+)} 48. Qh5+ Kd4 49. Qxd5+ Kxd5 {KR-KN} 50. Kg1 Kd4 51. Re2 c4 52. h4 a4 53. a3 Ng3 54. Re8 c3 55. bxc3+ Kxc3 56. Rb8 {Precision: White = 67%, Black = 33%.} (56. Kg2 $142 Nh5 57. Re5) 1-0

[Event "48th Bosna Tournament 2018"]
[Site "Sarajevo"]
[Date "2018.05.11"]
[Round "9"]
[White "Kadric, Denis"]
[Black "Fier, Alexandr"]
[Result "1/2-1/2"]
[WhiteElo "2500"]
[BlackElo "2580"]
[Annotator "TA"]
[PlyCount "39"]
[EventDate "2018.??.??"]
[EventType "swiss"]
[EventCountry "BIH"]
[SourceTitle "playchess.com"]
[Source "ChessBase"]
[SourceQuality "1"]

{[%evp 19,39,29,36,37,27,25,51,-15,12,12,27,12,14,7,9,8,11,9,9,0,19,22]} 1. e4 c6 2. d4 d5 3. e5 c5 4. dxc5 e6 5. Nf3 Bxc5 6. Bd3 {B12: Caro-Kann: Advance Variation} Ne7 {[%cal Bg8e7,Be7g6,Bg6f4,Bf4d3][%mdl 32]} 7. a3 (7. O-O Ng6 8. a3 O-O 9. Nbd2 Nc6 10. b4 Bb6 11. Bb2 Nf4 12. Nb3 a5 13. Qd2 Nxd3 14. cxd3 {½-½ (38) Vitiugov,N (2735)-Anand,V (2776) Karlsruhe/Baden-Baden 2018}) 7... Nbc6 8. b4 Bb6 9. Bb2 Ng6 10. O-O Nf4 {LiveBook: 15 Games} 11. c4 {[%cal Bc2c4,Bc4c5][%mdl 32]} O-O 12. c5 Bc7 13. Re1 $146 (13. Bc2 $14) 13... Nxd3 14. Qxd3 Ne7 15. Nc3 b6 {The position is equal.} 16. cxb6 ({Reject} 16. Ng5 Ng6 $15) 16... Bxb6 17. Na4 Bd7 18. Nxb6 axb6 19. Nd4 Ba4 20. Rac1 {Precision: White = 52%, Black = 53%.} 1/2-1/2

[Event "48th Bosna Tournament 2018"]
[Site "Sarajevo"]
[Date "2018.05.11"]
[Round "9"]
[White "Cvitan, Ognjen"]
[Black "Ivic, Velimir"]
[Result "1/2-1/2"]
[WhiteElo "2487"]
[BlackElo "2405"]
[Annotator "TA"]
[PlyCount "40"]
[EventDate "2018.??.??"]
[EventType "swiss"]
[EventCountry "BIH"]
[SourceTitle "playchess.com"]
[Source "ChessBase"]
[SourceQuality "1"]

{[%evp 23,24,15,40]} 1. d4 Nf6 2. c4 g6 3. Nf3 Bg7 4. g3 O-O 5. Bg2 d6 6. Nc3 c6 7. O-O Bf5 8. b3 Ne4 9. Bb2 Nxc3 10. Bxc3 Be4 11. e3 Nd7 12. Rc1 d5 {LiveBook: 5 Games} {Predecessor:} 13. cxd5 $146 Bxd5 14. Qe2 Nf6 15. Rfd1 a5 16. Be1 e6 17. Bf1 a4 18. b4 Ne4 19. Ne5 f6 20. Nd3 Ng5 {½-½ (45) Buss,R (2402)-Vogt,L (2404) Switzerland 2013} 1/2-1/2

[Event "48th Bosna Tournament 2018"]
[Site "Sarajevo"]
[Date "2018.05.11"]
[Round "9"]
[White "Sadikhov, Ulvi"]
[Black "Eric, Jovana"]
[Result "1-0"]
[WhiteElo "2473"]
[BlackElo "2301"]
[Annotator "TA"]
[PlyCount "85"]
[EventDate "2018.??.??"]
[EventType "swiss"]
[EventCountry "BIH"]
[SourceTitle "playchess.com"]
[Source "ChessBase"]
[SourceQuality "1"]

{[%evp 14,85,12,12,14,6,36,28,24,24,39,18,28,30,31,24,35,33,54,16,22,0,4,5,41,0,0,0,0,0,0,0,0,0,0,-7,-16,-9,-16,-22,0,0,0,-218,-68,-51,-53,-46,-31,-127,-90,-91,-107,-118,-111,-113,-117,-200,-200,-201,-194,-286,0,0,30,0,0,0,224,203,1584,1546,29985,1447]} 1. e4 c5 2. Nf3 d6 3. d4 cxd4 4. Nxd4 Nf6 5. Nc3 a6 6. Bd3 e5 7. Nde2 Be6 8. O-O {LiveBook: 3 Games. B90: Sicilian Najdorf: Unusual White 6th moves, 6 Be3 Ng4 and 6 Be3 e5} (8. Bg5 Nbd7 9. f4 Rc8 10. f5 Bc4 11. Bxc4 Rxc4 12. Qd3 Qc8 13. Bxf6 Nxf6 14. O-O-O b5 15. Kb1 Be7 {0-1 (32) Wang,W (2387)-Bu,X (2632) China 2005}) 8... Nc6 9. f4 Qb6+ $146 ({Predecessor:} 9... Be7 10. Ng3 exf4 11. Bxf4 Ne5 12. Bxe5 dxe5 13. Nf5 Bxf5 14. Rxf5 Qd4+ 15. Kh1 g6 {1-0 (59) Ivanov,S (2172)-Papazov,S (1945) Sunny Beach 2009}) 10. Kh1 {White is slightly better.} exf4 $1 11. Nxf4 Ne5 12. Nxe6 fxe6 13. Ne2 O-O-O 14. Nf4 Re8 15. Qe1 Nfg4 16. h3 h5 $1 17. Bd2 {[%cal Bc1d2,Bd2a5,Ba5c3,Bc3d4][%mdl 32]} g5 18. Ne2 {Threatening Ba5.} Be7 19. Ba5 (19. Bc3 $5 {[%cal Rc3d4]}) 19... Qa7 20. Bc3 {And now Bd4 would win.} Bd8 $1 21. Bd4 Bb6 22. Qc3+ Kb8 $1 23. Qb4 (23. hxg4 hxg4+ 24. Kg1 Nc6 $19) 23... Bc5 24. Qc3 $132 {[%mdl 2048] White is not keeping still} Ne3 {Hoping for ...Bxd4.} 25. Bxe5 dxe5 26. Rf7 ({Resist} 26. Qxe5+ $6 Ka8 $14) 26... Ng4 27. Raf1 {aiming for Bxa6.} Qb6 28. g3 $2 (28. b4 $1 $11 Nf2+ 29. Kh2 Ng4+ 30. Kh1 Nf2+ 31. Kh2 Ng4+ 32. Kh1) 28... Nf2+ ({Black should try} 28... h4 $1 $19 {[%cal Rh4g3]} 29. R1f3 (29. hxg4 $2 hxg3+ 30. Kg2 Rh2+ 31. Kf3 g2 $19) 29... Nf2+ 30. Rxf2 Bxf2 31. Qxe5+ Ka7 32. gxh4 Rxh4) 29. Kg2 $15 {[%cal Rf7f2]} Nxd3 30. cxd3 Bd6 31. R1f6 (31. Qb3 $1 $15 Qxb3 32. axb3) 31... Rc8 32. Qd2 Bc5 33. Nc3 {[%cal Be2c3,Bc3d5,Bd5c7,Bc7b5,Bb5d6][%mdl 32]} Bd4 $1 34. Nd5 Qc6 {Threatens to win with ...Qc2.} 35. Qb4 (35. Nc3 $17 {is a better defense.}) 35... a5 $1 $19 {[%cal Ra5b4]} 36. Qxa5 {Strongly threatening Nb4.} Qc2+ $1 37. Kh1 (37. Rf2 $142 Bxf2 38. Rxf2 Qxd3 39. Nf6) 37... Qb1+ $2 ({Inferior is} 37... exd5 {[#]} 38. Rxb7+ $3 {[%mdl 512]} Kxb7 39. Qa6+ Kb8 40. Rb6+ $1 {[%mdl 512]} Bxb6 41. Qxb6+ Ka8 42. Qa6+ Kb8 43. Qb6+ Ka8 44. Qa6+ Kb8 45. Qb6+ $11) (37... Qxb2 $19 38. Nc7 Qc1+ 39. Rf1 Rxc7 40. Rxc1 Rxc1+ 41. Kg2 Rg1+ 42. Kh2 Rc8) 38. Rf1 $11 Qxb2 39. Nc7 {[%csl Gc7][%cal Ra5a8]} (39. Nf6 $5 {[%cal Rf6d7]} Rhd8 40. Nd7+ Rxd7 41. Rxd7 $18) 39... Ba7 40. Nb5 {[%csl Gb5][%cal Ra5a7]} Bd4 $2 (40... Bc5 $1 $11 {and Black is okay.}) 41. Nd6 Bc3 $2 (41... Rc1 42. Rxb7+ Qxb7 43. Rxc1 Qb6 44. Qxb6+ Bxb6) 42. Qa4 $18 Rc7 43. Rf8+ {Precision: White = 56%, Black = 45%.} (43. Nb5 $142 Qxb5 44. Qxb5 Rhc8 45. Rxc7 Rxc7 46. Qb6 Ba5 47. Qxa5 Rc8 48. Qxe5+ Ka7 49. Qa5+ Kb8 50. Qxg5) 1-0

[Event "48th Bosna Tournament 2018"]
[Site "Sarajevo"]
[Date "2018.05.11"]
[Round "9"]
[White "Radovanovic, Nikola"]
[Black "Hodzic, Nihad"]
[Result "1-0"]
[WhiteElo "2438"]
[BlackElo "2280"]
[Annotator "TA"]
[PlyCount "71"]
[EventDate "2018.??.??"]
[EventType "swiss"]
[EventCountry "BIH"]
[SourceTitle "playchess.com"]
[Source "ChessBase"]
[SourceQuality "1"]

{[%evp 31,71,107,97,0,0,0,0,-45,-21,-69,-64,-57,-28,-51,-42,-60,0,0,-19,-56,6,0,0,0,36,18,58,65,99,0,624,506,496,510,714,618,1344,750,634,406,713,478]} 1. e4 e6 2. d4 d5 3. Nc3 Nf6 4. e5 Nfd7 5. f4 c5 6. Nf3 Nc6 7. Be3 Qb6 8. Na4 Qa5+ 9. c3 cxd4 10. b4 Nxb4 11. cxb4 Bxb4+ 12. Bd2 Bxd2+ 13. Nxd2 O-O {C11: French: Classical System: 4 e5 and 4 Bg5 dxe4} 14. Bd3 b5 15. Nb2 Nb6 16. O-O (16. Qh5 g6 17. Qe2 Nc4 18. Nd1 {0-1 (40) Karjakin,S (2760)-Andreikin,D (2683) Moscow 2010}) 16... Nc4 {[#] LiveBook: 39 Games} 17. Nb3 ({Weaker is} 17. Qh5 h6 $17) (17. Bxh7+ $1 $16 Kxh7 18. Qh5+ Kg8 19. Nf3) 17... Qa3 $1 $11 {[%cal Ra3b2]} 18. Bxh7+ (18. Qh5 $2 g6 $17) 18... Kxh7 19. Nd3 $146 {Black must now prevent Qh5+.} ({Predecessor:} 19. Qh5+ Kg8 20. Rf3 Qxb2 21. Rh3 f5 22. Qh7+ {½-½ (22) Sanner,Z (2317)-Moisa,L (2296) ICCF email 2014}) 19... g6 20. Qg4 {Qh4+ is the strong threat.} Qe7 $1 21. Nxd4 {[#] Strongly threatening Nc6.} Bd7 22. Qe2 Kg7 23. Nf2 {[%cal Bd3f2,Bf2g4,Bg4f6,Bf6d5][%mdl 32]} Qc5 24. Rad1 b4 25. Rd3 Rae8 (25... Rac8 $15) 26. Kh1 Rh8 27. Ng4 Bc8 28. Nf6 {[%mdl 1024] White has compensation.} Ref8 29. Qf2 $36 {[%mdl 2048] White has some pressure.} Qb6 30. Qg3 ({Better is} 30. Rc1 $16) 30... Na3 $2 {[%mdl 8192]} (30... Nb2 $11 31. Rd2 Nc4) 31. f5 $1 $18 {[%cal Rf5g6]} exf5 32. Nxd5 Qb7 33. e6 {Intending Nxf5+ and mate.} fxe6 34. Qe5+ Kg8 35. Nf6+ Kf7 (35... Rxf6 $142 36. Qxf6 Qg7 37. Qd8+ Qf8 38. Nxf5 exf5) 36. Nf3 {Precision: White = 58%, Black = 39%.} 1-0

[Event "48th Bosna Tournament 2018"]
[Site "Sarajevo"]
[Date "2018.05.11"]
[Round "9"]
[White "Nestorovic, Dejan"]
[Black "Dizdarevic, Emir"]
[Result "1/2-1/2"]
[WhiteElo "2364"]
[BlackElo "2458"]
[Annotator "TA"]
[PlyCount "49"]
[EventDate "2018.??.??"]
[EventType "swiss"]
[EventCountry "BIH"]
[SourceTitle "playchess.com"]
[Source "ChessBase"]
[SourceQuality "1"]

{[%evp 32,49,0,0,14,0,0,0,20,22,26,36,29,0,48,0,8,0,39,0]} 1. d4 Nf6 2. c4 b6 3. Nc3 Bb7 4. Qc2 d5 5. cxd5 Nxd5 6. e4 Nxc3 7. bxc3 e6 8. Nf3 Be7 9. Bb5+ c6 10. Bd3 c5 11. O-O cxd4 12. cxd4 O-O 13. Bb2 Nc6 14. Qe2 Rc8 15. a3 Na5 16. Rad1 Bf6 17. Rfe1 {LiveBook: 30 Games. E12: Queen's Indian: Unusual White 4th moves, 4 a3, 4 Nc3 Bb7 5 a3 and 4 Nc3 Bb7} Qe7 (17... g6 18. Ne5 Bg7 19. Bb1 Qd6 20. h4 f6 21. Nd3 Nc4 22. Bc3 a5 23. a4 Na3 24. Ba1 Nxb1 25. Rxb1 {½-½ (58) Iljin,T (2305)-Popov,I (2609) Sochi 2017}) 18. g3 $146 ({Predecessor:} 18. d5 Bxb2 19. Qxb2 Rfd8 20. Qb4 Rc5 21. Nd4 h6 22. h3 Kh8 23. Rc1 Rdc8 24. Nb5 Ba6 {½-½ (47) Borroni,E (2403)-Troia,E (2272) ICCF email 2016}) 18... Rfd8 19. h4 {[%cal Bh2h4,Bh4h5][%mdl 32] [#] e5 is the strong threat.The position is equal.} g6 20. h5 Bg7 21. Bb5 Bc6 22. Ba6 Bb7 23. Bb5 Bc6 24. Ba6 Bb7 25. Bb5 1/2-1/2